00698nam a2200241 a 4500001001300000003000900013005001700022008004100039020001100080082001300091100001900104245006100123260003200184300000900216500003500225505001000260650001700270700001900287902000800306942000700314952011800321999001700439nice12345678IN_TiNIC20260116015214.0050524s1966 lona grp 000 0 eng  ac235000a201bHUE aHuelin, Gordon aAll in Good Faithb an Anthology of Western Christianity aLondonbLeslie Frewinc1966 a280p aincludes index and biblioraphy2 aIndex aChristianity1 aHuelin, Gordon bSRS cBK 001040708StackRoom-aHMIbHMId2007-03-19g2350.00l0o201 HUEp11000076r2007-03-19v2350.00w2005-05-24yBK c18752d18752